000 01058cam a2200301 a 4500
001 3100
005 20240205161316.0
020 _a9780545036382
040 _aDLC
_cDLC
_dDLC
_beng
050 0 0 _aPZ7.K315
_b2006
082 0 0 _a813.6
100 1 _aKenah, Katharine
245 1 4 _aThe best teacher in second grade /
_cstory by Katharine Kenah ; pictures by Abby Carter.
250 _aFirst Scholastic printing, September 2007
260 _aNew York :
_bScholastic ,
_c2006
300 _a48 pages :
_bcolor illustrations ;
_c24 cm.
490 _aI can read
_vBook 2
505 _aN
520 _aAlthough reluctant at first, the second graders in Mr. Hopper's class follow new student Luna's suggestion and perform as stars in a "midnight circus" on Family Night.
521 _a560
_bLexile
521 _aN
_bRaz-Plus
650 1 _aSchools
_vFiction.
650 1 _aTeachers
_vFiction.
650 1 _aAstronomy
_vFiction.
700 1 _aCarter, Abby
_eillustrator
906 _a7
_bcbc
_corignew
_d1
_eecip
_f20
_gy-gencatlg
942 _2ddc
_cBK
_n0
999 _c3100
_d3100